|
|
|
|
| LEADER |
00000cam a2200000 a 4500 |
| 001 |
vtls001485083 |
| 003 |
SK-MaSNL |
| 005 |
20260301015229.0 |
| 008 |
240226s2004 xo l frn 001 0 slo |
| 015 |
|
|
|a SNBA2005/02-00796
|
| 020 |
|
|
|a 8055108323
|q (viazané)
|
| 035 |
|
|
|a SNK000440377
|
| 035 |
|
|
|a urn:nbn:sk:snk-am3j3gf
|
| 035 |
|
|
|a B7D580B5-54FA-4731-8706-005DFA21CEA0
|
| 035 |
|
|
|a urn:nbn:sk:snk-am00gmfg
|
| 040 |
|
|
|a SNK
|b slo
|c SNK
|e AACR2
|
| 041 |
1 |
|
|a slo
|h eng
|
| 044 |
|
|
|a xo
|c SK
|
| 072 |
|
7 |
|a 316.4/.7
|x Sociálne interakcie
|2 konspekt
|
| 080 |
|
|
|a 316.48
|2 1997
|
| 080 |
|
|
|a (048.8)
|2 1997
|
| 080 |
|
|
|a 316.472.4
|2 1997
|
| 080 |
|
|
|a 316.472.4
|2 2011
|
| 080 |
|
|
|a 316.48
|2 2011
|
| 080 |
|
|
|a (048.8)
|2 2011
|
| 100 |
1 |
|
|a Wilmot, William W.,
|d 1943-
|4 aut
|9 304736
|
| 240 |
1 |
0 |
|a Interpersonal conflict
|l Slovensky
|
| 245 |
1 |
0 |
|a Interpersonálny konflikt
|c William W. Wilmot, Joyce L. Hockerová ; [z anglického originálu Interpersonal conflict preložila Vladimíra Čavojová]
|
| 250 |
|
|
|a 1. vyd.
|
| 260 |
|
|
|a Bratislava
|b Ikar
|c 2004
|
| 300 |
|
|
|a 496 strán
|b schémy
|c 21 cm
|
| 490 |
1 |
|
|a Pegas
|v 7. zv.
|
| 504 |
|
|
|a Bibliografia na strane 445-478 ; obsahuje register
|
| 650 |
0 |
7 |
|a interpersonálne vzťahy
|2 SNKPH
|9 3770
|
| 650 |
0 |
7 |
|a interpersonálne konflikty
|2 SNKPH
|9 4475
|
| 655 |
|
7 |
|a monografie
|2 SNKPH
|9 70139
|
| 700 |
1 |
|
|a Hocker, Joyce L.
|4 aut
|9 304737
|
| 700 |
1 |
|
|a Kurincová Čavojová, Vladimíra,
|d 1978-
|4 trl
|9 226863
|
| 830 |
|
0 |
|a Pegas
|9 304738
|
| 919 |
|
|
|a 80-551-0832-3
|
| 958 |
|
|
|a TL
|
| 958 |
|
|
|a OP
|
| 958 |
|
|
|a SP
|
| 958 |
|
|
|a NB
|
| 958 |
|
|
|a OND
|
| 999 |
|
|
|c 560340
|d 562270
|
| 952 |
|
|
|t P60, <03>, [BOOK], {603}, -K-
|a SNK
|b SNK
|y PREZ
|7 0
|p 17A0450265
|o snkSC 117839
|i snkKSP 14154/2004
|0 0
|1 0
|4 0
|d 2004-11-08
|f 1
|l 0
|r 2025-10-07 00:00:00
|w 2026-02-23
|
| 952 |
|
|
|t P60, <04>, [BOOK], {604}
|a SNK
|b SNK
|y VYP
|7 0
|p 17A0450266
|o snkSC 117839 D1
|i snkKSP 14155/2004
|0 0
|1 0
|4 0
|d 2004-11-08
|l 0
|r 2005-01-02 00:00:00
|w 2026-02-23
|